Seattle Slang Words - Statistics

General Stats
  • This quiz has been taken 13 times
  • The average score is 3 of 11
Answer Stats
Hint Starting letter Answer % Correct
Drinking from something without your lips touching the container A Airdrink
64%
Similar to a keger, but with jungle juice. Typically thrown by edgy high schoolers S Spodie
45%
Pre-game F Pre-{funk}
36%
Bay Area term for "bro" that Seattle adopted C Cuddy
27%
Sex education F F.L.A.S.H.
27%
Roasting or disrespecting someone G {Gass}ing
27%
Cool or impressive - similar to "sick," "gnarly," etc. F Filthy
9%
A 12-pack of beer H Half rack
9%
Rude or selfish J Janxy
9%
A community garden P P-patch
9%
Rainier Beer V Vitamin R
9%
No matching quizzes found
Score Distribution
Percent of People with Each Score
Percentile by Number Answered
Your Score History
You have not taken this quiz